15 najludniejszych państw na Świecie - nagła śmierć - Statystyki

Ogólne statystyki
  • Ten quiz został rozwiązany 114 razy
  • Średni wynik to 9 z 15
Answers on the Grid
Answers color-coded by a green-red scale on the quiz's grid according to % correct below.
Bangladesz
Brazylia
Chiny
Dania
Dem. Rep. Konga
Egipt
Etiopia
Filipiny
Francja
Indie
Indonezja
Iran
Japonia
Korea Południowa
Meksyk
Niemcy
Nigeria
Pakistan
Rosja
Tajlandia
Turcja
USA
Wielka Brytania
Wietnam
 
Statystyki odpowiedzi
Odpowiedź % Poprawnych
Chiny
95%
Brazylia
86%
USA
84%
Indie
81%
Bangladesz
75%
Indonezja
71%
Rosja
68%
Nigeria
60%
Meksyk
56%
Pakistan
54%
Dem. Rep. Konga
49%
Filipiny
46%
Japonia
44%
Egipt
38%
Etiopia
37%
Nie znaleziono quizów pasujących do podanych kryteriów
Rozkład punktacji
Procent ludzi z każdym wynikiem
Percentyl według liczby udzielonych odpowiedzi
Twoja historia wyników
Nie rozwiązałeś tego quizu